Mzdové veličiny a základné pravidlá pri ich aplikovaní v praxi od. 1.1.2016

Minimálna mzda. Minimálne mzdové nároky pre stupne náročnosti pracovných miest. Životné minimum. Nezdaniteľná časť základu dane na daňovníka a manželského partnera v roku 2016. Suma daňového bonusu. Všeobecný vymeriavací základ na účely platenia poistného na sociálne a zdravotné poistenie. Dávky soc...

Description complète

Enregistré dans:
Détails bibliographiques
Auteur principal: Strýčková, Jolana
Format: Chapitre de livre
Langue:slovaque
Sujets:
Tags: Ajouter un tag
Pas de tags, Soyez le premier à ajouter un tag!

MARC

LEADER 00000naa a2200000 4500
001 0213232
005 20231109105607.7
041 0 |a slo 
044 |a SK 
245 1 0 |a Mzdové veličiny a základné pravidlá pri ich aplikovaní v praxi od. 1.1.2016  |c Jolana Strýčková 
520 |a Minimálna mzda. Minimálne mzdové nároky pre stupne náročnosti pracovných miest. Životné minimum. Nezdaniteľná časť základu dane na daňovníka a manželského partnera v roku 2016. Suma daňového bonusu. Všeobecný vymeriavací základ na účely platenia poistného na sociálne a zdravotné poistenie. Dávky sociálneho poistenia. Výnimky z platenia poistného. 
610 2 0 |a mzdy minimálne 
610 2 0 |a úľavy daňové 
610 2 0 |a poistenie sociálne 
610 2 0 |a poistenie zdravotné 
610 2 0 |a dávky poistenia nemocenského 
610 2 0 |a dávky poistenia sociálneho 
610 2 0 |a základ vymeriavací 
100 1 |a Strýčková, Jolana